[Event "Karditsa"]
[Site "Karditsa"]
[Date "1996.??.??"]
[Round "3"]
[White "Vouldis, Angelos"]
[Black "Atalik, Suat"]
[Result "0-1"]
[WhiteElo "2425"]
[BlackElo "2535"]
[Annotator "Atalik,S"]
[PlyCount "78"]
[EventDate "1996.03.??"]
[EventType "tourn"]
[EventRounds "9"]
[EventCountry "GRE"]
[EventCategory "12"]
[SourceTitle "CBM 053"]
[Source "ChessBase"]
[SourceDate "1996.08.01"]
[SourceVersion "1"]
[SourceVersionDate "1996.08.01"]
[SourceQuality "1"]

1. e4 c5 2. Nf3 d6 3. d4 cxd4 4. Nxd4 Nf6 5. Nc3 Nc6 6. Bc4 e6 7. Be3 Be7 8.
Bb3 $5 Bd7 $5 (8... Qa5 $5) 9. Qe2 (9. f4 O-O 10. O-O Nxd4 11. Bxd4 Bc6) 9...
Rc8 10. f4 O-O 11. O-O (11. O-O-O Na5 $5 (11... Qa5 12. f5 $1) 12. e5) 11...
Na5 12. e5 Ne8 13. Qh5 Nc4 $5 (13... Nxb3 14. axb3 a6 15. Ne4 (15. Rf3 g6 16.
Qh6 f5) 15... f5) 14. Bxc4 Rxc4 15. Rad1 $1 $40 dxe5 $6 (15... f5 $142 $1) 16.
fxe5 Qa5 17. Qe2 $1 Rc7 (17... Rxc3 $2 18. Bd2 $1) (17... Rc8 $6 18. Nf5 exf5
19. Rxd7 Qxe5 20. Bxa7 $1 $18) 18. Bf4 $6 (18. Ndb5 Bxb5 19. Nxb5 Rc6 20. Nxa7
Ra6 21. Nb5 Qxa2 22. Rd7 $18) 18... Qb6 19. Ne4 Qxb2 20. Bg5 (20. Nf6+ $2 Nxf6
21. exf6 Bxf6 22. Bxc7 Bxd4+ 23. Kh1 Bb5 $19) 20... Bxg5 21. Nxg5 h6 22. Ne4
Ba4 $6 (22... Qxa2 $1 23. Qh5 Qd5 $1 $19) 23. Qf2 $1 Qb6 $1 $8 24. Rb1 $1 Qa6
25. Qg3 $1 Kh8 $5 (25... Bxc2 26. Nf6+ Kh8 27. Nxe8 (27. Nxc2 Rxc2 28. Nd7 Rg8
29. Rxf7 Qxa2 30. Rbf1 Rc7) 27... Rxe8 28. Nxc2 Rxc2 29. Rxf7 Rg8 $10) 26. Rf2
(26. Qa3 $5 Rg8 27. Nc5 $140 Qc4 28. Ncxe6 fxe6 29. Rb4 Qd5 30. Qxa4 Qxe5 31.
Qxa7 $140 $2 Qe3+ 32. Kh1 e5) 26... Bc6 27. Nc5 (27. Nd6 Qxa2 28. Rbf1 Nxd6 29.
exd6 Rd7 $19) 27... Qxa2 28. Rbf1 Bd5 $19 29. Nd3 Qa4 30. Qe3 $1 Bc4 (30... Rc4
31. Nf4 Rxd4 32. Ng6+ Kg8 33. Ne7+ Kh8 34. Ng6+ fxg6 35. Rxf8+ Kh7 36. Rxe8 Re4
37. Rff8 Qxe8 $19) 31. Nb2 $138 (31. Nf4 Bxf1 32. Ng6+ Kg8 33. Nxe6 Bc4 $1 $19)
31... Qb4 32. c3 Qe7 33. Nxc4 Rxc4 34. Rf6 $5 Nxf6 (34... gxf6 $4 35. Qxh6+ Kg8
36. Rf3 $18) 35. exf6 Qc5 36. fxg7+ Kxg7 37. Rf4 $2 (37. Rf3 $1 Rc8 38. Rh3 $1
Kf8 39. Qxh6+ Ke8 $19) 37... Rxc3 38. Rg4+ Kh7 39. Qe4+ f5 0-1

[Event "ROM-chT"]
[Site "Herculane"]
[Date "1996.??.??"]
[Round "2"]
[White "Stoica, Valentin"]
[Black "Atalik, Suat"]
[Result "1/2-1/2"]
[WhiteElo "2460"]
[BlackElo "2535"]
[Annotator "Atalik,S"]
[PlyCount "52"]
[EventDate "1996.??.??"]
[EventType "team"]
[EventRounds "5"]
[EventCountry "ROU"]
[SourceTitle "CBM 056"]
[Source "ChessBase"]
[SourceDate "1997.02.01"]
[SourceVersion "1"]
[SourceVersionDate "1997.02.01"]
[SourceQuality "1"]

1. e4 c5 2. Nf3 d6 3. d4 cxd4 4. Nxd4 Nf6 5. Nc3 Nc6 6. Bc4 e6 7. Be3 Be7 8.
Bb3 O-O 9. f4 Bd7 $5 10. O-O (10. Qf3 Nxd4 (10... Qa5 11. O-O-O Nxd4 12. Rxd4
e5 13. Rd5 (13. Rd2 Rac8) 13... Nxd5 14. Nxd5 Qd8 15. f5 $16) 11. Bxd4 b5 $13)
10... Nxd4 11. Bxd4 $5 b5 $5 $146 12. f5 (12. Bxf6 $6 Bxf6 13. Qxd6 b4 14. Qxb4
(14. e5 $4 Be7 $19) 14... a5 15. Qc4 (15. Qc5 a4 16. Bc4 a3) 15... a4 16. e5 (
16. Bxa4 $2 Bxa4 17. e5 (17. Nxa4 Qd4+ $17) 17... Bxc2 18. exf6 Bd3) 16... Qb6+
17. Kh1 axb3 18. exf6 bxc2 19. fxg7 (19. Rac1 Qxb2) 19... Rfc8 20. Qd3 Qxb2) (
12. e5 dxe5 13. fxe5 Ne8 14. Ne4 Bc6 15. Qd3 Bxe4 16. Qxe4 g6 $13) 12... b4 (
12... e5 13. Be3 Bc6 14. Qd3 $16 (14. Nd5 Nxe4) (14. Bd5 Bxd5 15. exd5 b4)) 13.
fxe6 Bxe6 $6 (13... bxc3 14. exd7 cxb2 15. Bxb2 Qxd7 16. Qf3 $16 {xf7}) (13...
fxe6 $1 14. Ne2 Kh8 $1 (14... Nxe4 $2 15. Nf4 d5 $140 16. Nxd5 $18) 15. Qd3 a5
$40) 14. Nd5 Bxd5 15. Bxd5 Nxd5 16. exd5 Qa5 17. c4 $1 bxc3 18. Bxc3 Qc5+ 19.
Kh1 $1 (19. Qd4 Rfd8 20. Kh1 $140 Bf6 21. Qxc5 dxc5 22. Bxf6 gxf6 23. Rxf6 Rxd5
$10) 19... Rae8 $1 20. Rc1 Bg5 21. Qg4 f6 22. Bxf6 Rxf6 23. Qxg5 Rxf1+ 24. Rxf1
Qf2 25. Qc1 Qe2 26. Qf4 h6 $10 (26... h5 $1 $10) 1/2-1/2

[Event "Harplinge"]
[Site "Harplinge"]
[Date "1998.08.16"]
[Round "2"]
[White "Emms, John M"]
[Black "Sutovsky, Emil"]
[Result "0-1"]
[WhiteElo "2585"]
[BlackElo "2575"]
[Annotator "Atlas,V"]
[PlyCount "74"]
[EventDate "1998.08.15"]
[EventType "tourn"]
[EventRounds "9"]
[EventCountry "SWE"]
[EventCategory "12"]
[SourceTitle "CBM 067"]
[Source "ChessBase"]
[SourceDate "1998.11.30"]
[SourceVersion "2"]
[SourceVersionDate "1998.11.01"]
[SourceQuality "1"]

{[%mdl 12288]} 1. e4 c5 2. Nf3 d6 3. d4 cxd4 4. Nxd4 Nf6 5. Nc3 a6 6. Bc4 e6 7.
a4 Nc6 8. O-O Be7 9. Be3 O-O 10. Kh1 Qc7 11. Qe2 Na5 (11... Bd7 12. f4 Rac8 13.
Bd3 (13. Ba2 Na5 14. Rad1 Nc4 15. Bc1 Rfe8 16. Rd3 Bf8 17. Bxc4 Qxc4 18. e5 Nd5
19. Ne4 f5 20. Nxd6 Bxd6 21. exd6 Qxa4 22. b3 Qa2 23. c4 Qxe2 24. Nxe2 Nf6 {
1/2-1/2 Kudrin,S-Chandler,M/Hastings 1986/CBM 04 (76)}) 13... Nxd4 14. Bxd4 e5
15. Be3 Rfe8 16. Rae1 h6 17. Qf3 Be6 18. f5 Bc4 19. Qh3 b5 20. axb5 axb5 21.
Rf3 Bf8 22. Rg3 $40 {1-0 Gurevich,V-Sulipa,A/Simferopol 1991/TD 91\03 (57)}) (
11... Nxd4 12. Bxd4 e5 13. Be3 Be6 14. Bb3 h6 15. a5 Rac8 16. Rfd1 Bxb3 17.
cxb3 Qd7 18. f3 Qe6 19. Rd3 Rfd8 {1-0 Kudrin,S-King,D/Bern 1988/CBM 08 (51)})
12. Ba2 b6 13. Rad1 Bb7 14. Bc1 Rac8 15. f4 Nc4 16. e5 dxe5 17. fxe5 Nd5 18.
Nxd5 Bxd5 19. Nf5 Bxg2+ 20. Qxg2 exf5 21. Rxf5 b5 22. axb5 axb5 23. e6 fxe6 24.
Rxb5 Rcd8 25. Rg1 Rf7 26. Qb7 Bd6 27. Qxc7 Rxc7 28. Re1 (28. Rg4 $5 {deserved
here serious attention:} Rdc8 29. Rd4 Be7 30. Bf4) (28. Bh6 Bf8 29. Bxc4 Rxc4
30. Bxg7 Bxg7 31. Rb7 Kf8 32. Rgxg7 Rd1+ $11) 28... Ra8 29. Bb3 h6 {[%csl Rb2,
Rc2][%cal Gg8h7,Ga8a1,Ga1h1,Gc4b2,Gc4a5,Ga5b3,Gc7c1] Sacrificing the e6-pawn,
Black obtains a sufficient counterplay on the queenside} 30. Rxe6 Ra1 31. Re1
Kh7 32. Bd2 (32. Rd5 Na5 33. Rxd6 (33. Bd2 Rxe1+ 34. Bxe1 Nxb3 35. Rxd6 Rxc2
36. Bc3 g5 $11) 33... Nxb3 34. cxb3 Rcxc1 35. Rxc1 Rxc1+ 36. Kg2 Rc2+ $11) (32.
Rf5 Nxb2 $11) ({An attempt to keep both queenside pawns:} 32. Bxc4 $2 Rxc4 33.
c3 {is refuted by} Bf4 34. Bd2 Rca4 $1 {, and Black is winning.}) 32... Rxe1+
33. Bxe1 Nxb2 34. c3 Re7 35. Bc2+ Kg8 36. Bg3 Bxg3 37. hxg3 $4 {[%csl Rc2,Rg2,
Rh1,Rh2][%cal Ge7e1,Ge1h1,Ge2c2,Ge2h2,Gh1g2,Gh1h2,Ge1e2]} ({An incredible
blunder in the absolutely drawn position! Instead of} 37. Bb3+ Kh7 38. hxg3 $11
) ({or} 37. Rxb2 $11 {, White finds a way to lose the game.}) 37... Re1+ (37...
Re1+ 38. Kg2 Re2+ 39. Kf3 Rxc2 {win the bishop and the game.}) 0-1

[Event "Gibraltar Masters 16th"]
[Site "Caleta"]
[Date "2018.01.29"]
[Round "7"]
[White "Praggnanandhaa, Rameshbabu"]
[Black "Gopal, Geetha Narayanan"]
[Result "1-0"]
[WhiteElo "2515"]
[BlackElo "2593"]
[Annotator "Atul Dahale"]
[PlyCount "105"]
[EventDate "2018.01.23"]
[EventType "swiss"]
[EventRounds "10"]
[EventCountry "GGB"]
[SourceTitle "CBM 183"]
[Source "ChessBase"]
[SourceDate "2018.03.14"]
[SourceVersion "1"]
[SourceVersionDate "2018.03.14"]
[SourceQuality "1"]

1. e4 c5 2. Nf3 d6 3. d4 cxd4 4. Nxd4 Nf6 5. Nc3 a6 {The Sicilian Najdorf is
one of the most popular weapons against 1.e4. All sorts of moves have been
tried against the Najdorf. In this game little Praggu goes for the latest
trend with 6.a3} 6. a3 $5 {The a3 line is gaining momentum against the
Najdorf! Players like Carlsen, Karjakin and Anand have tried it in their games.
A lot of theory has been developed in the Najdorf and now players have started
exploring new paths. 6.a3 is a waiting move and in some cases it provides the
a2-square for the light-squared bishop. Depending on Black's reply White
usually chooses his line of action against it.} Nc6 {This is not a usual
Najdorf move, pure Najdorf players will go for 6...e5} (6... e5 {There is a
lot in common between Carlsen's game and Pragg's game. You will see the
resulting position occurred with opposite coloured bishops giving a great
insight into what Pragg had seen this game.} 7. Nf5 (7. Nf3 Be7 8. Bc4 Be6 9.
Ba2 O-O 10. O-O b5 11. Re1 Re8 12. Bg5 Nbd7 13. Nd2 Rb8 14. Bxf6 Nxf6 15. Nf1
b4 16. Nd5 bxa3 17. bxa3 Nxd5 18. Bxd5 Bg5 19. g3 Qd7 20. Qd3 Rb6 21. h4 Bh6
22. Reb1 Reb8 23. Rb3 Bxd5 24. Qxd5 g6 25. Rab1 Rxb3 26. Rxb3 Qc7 27. a4 Bc1
28. Kg2 h5 29. Nh2 Rxb3 30. cxb3 Qc2 31. Nf1 a5 32. Kf3 Qc3+ 33. Ke2 Qc2+ 34.
Kf3 Qc3+ 35. Ke2 {1/2-1/2 (35) Karjakin,S (2785)-Giri,A (2773) Wijk aan Zee
2017}) 7... d5 8. Bg5 d4 9. Bxf6 Qxf6 10. Nd5 Qd8 11. Qg4 Bxf5 (11... g6 12.
Qg3 $1 $16) 12. Qxf5 Bd6 13. h4 Nc6 14. Bc4 b5 15. Bb3 Ne7 16. Qg4 O-O 17. Rh3
Nxd5 18. Bxd5 Ra7 19. Rg3 Qf6 20. a4 Bb4+ 21. Kf1 bxa4 22. Rxa4 a5 23. Ra1 Rc7
24. Bb3 Ra8 25. Kg1 Bf8 26. Qh5 g6 27. Qg4 Ra6 28. h5 Qf4 29. Qe2 Qf6 30. Qb5
Qc6 31. Qxe5 Re7 32. Qf4 a4 33. Bd5 Qc7 34. Qd2 Qb6 35. Ra2 Rc7 36. Rf3 Qb4 37.
Qe2 Rb6 38. hxg6 hxg6 39. g3 Kg7 40. Kg2 Rd7 41. Qd1 Rf6 42. Rxf6 Kxf6 43. c3
dxc3 44. Rxa4 {1-0 (44) Carlsen,M (2840)-Wojtaszek,R (2750) Wijk aan Zee 2017})
7. Bc4 e6 8. Ba2 {There it goes. An idea from Karjakin's game.} Be7 9. O-O O-O
10. Be3 Qc7 {The position has transposed to structures similar to a Classical
Sicilian: the Sozin Attack.} 11. f4 Nxd4 12. Bxd4 e5 13. Be3 b5 14. f5 {
Now the battle revolves around the d5-square.} Bb7 15. Qd3 h6 {This is the
first new move.} (15... Nxe4 $5 {was Sandipan's choice.} 16. Nxe4 Qc6 17. f6
gxf6 18. Bh6 Qxe4 19. Qh3 Kh8 20. Rae1 $2 (20. Bxf8 Rxf8 21. Rae1 $11 {Black
has enough compensation thanks to his bishop pair.}) 20... Qd4+ 21. Be3 (21.
Rf2 Rg8 $17) 21... Qxb2 22. Qd7 Rae8 23. Bxf7 Qxc2 24. Rf2 Qc3 25. Bd2 Qc6 26.
Bxe8 Rxe8 27. Qe6 Bd8 28. Qf7 Rg8 29. Ree2 Qd5 30. Rxf6 Rxg2+ 31. Kf1 Rg1+ 32.
Kxg1 Bb6+ {0-1 (32) Bistric,F (2440)-Sandipan,C (2558) Dubai 2005}) 16. h3 {
[%csl Gg4]} Rac8 17. Bf2 a5 $1 {b5-b4 is coming up next.} 18. Bb3 {[%csl Gc2]}
(18. Nxb5 $2 Qxc2 19. Qxc2 Rxc2 $17) 18... Bc6 19. Bh4 $1 {The bishop is going
to take on f6 and then White will have more control on d5 than Black.} Rfd8 (
19... Nh5 $5 20. Bxe7 Qxe7 21. Nd5 $6 Bxd5 22. Bxd5 Nf4 $17) 20. Bxf6 Bxf6 21.
Kh1 Rb8 (21... a4 22. Ba2 $14 (22. Nd5 Bxd5 23. Bxd5 Qxc2 $15)) 22. Nd5 $5 (22.
Bd5 {This could have been the more normal way to take advantage of the
d5-square, but it turns out that Black has} b4 23. axb4 axb4 24. Bxc6 bxc3 25.
Qxc3 Rdc8 26. Bd5 Qxc3 27. bxc3 Rxc3 {in a position that looks drawish, but
White keeps an edge after} 28. Ra7 $14) 22... Bxd5 23. Bxd5 $14 {White is
clearly better here because his bishop is superior to Black's.} Qb6 24. c3 Rdc8
25. Rfd1 Rc5 26. Bb3 {The way Pragg slowly improves his position and launches
an attack is something to learn from.} Rd8 27. g3 $1 {First improving his king.
} Rc7 28. Kg2 {Improving the king position first.} Qc5 29. h4 Qb6 {[%csl Rf6]
Black is kind of tied up, he doesn't have any active plan. The main problem is
the bishop on f6 which is restricted by its own pawns.} 30. Rd2 Qb7 31. Kh3
Rdc8 32. Rad1 Rc5 33. Qf3 {The decision of not taking the pawn on d6 is
practical as it will restrict Black's bishop and there is the constant threat
against d6 which Black needs to take care of. It is rightly said that "The
threat is stronger than its execution".} (33. Qxd6 {was possible, but Pragg
doesn't want to take a pawn that would give his opponent the chance to
activate his bishop on f6.}) 33... Be7 34. Rf1 (34. f6 $5 {was interesting.}
Bxf6 35. Rxd6 $16) 34... Qd7 35. Kg2 Qb7 36. Bd5 Qd7 37. Bb3 Qc7 38. Qh5 Bf6
39. Rfd1 Rc6 40. Kh3 {These kinds of simple waiting moves are very important
to unsettle your opponent.} b4 41. cxb4 axb4 42. a4 Rf8 43. g4 {The final
assault begins.} Qb6 44. Re2 {Covering all the entry points so that there
won't be any counterplay.} d5 45. Bxd5 Rd6 46. g5 Bd8 47. g6 $1 {This is game
over now.} Kh8 48. gxf7 Bf6 49. Kh2 Qd8 50. Rg2 Bxh4 51. Rdg1 Bf6 52. Rg6 Bh4
53. Rxg7 {Quite a clinical victory. Pragg showed good technique and patience
to build up his position. Despite being so young this kid has a good
understanding of positional concepts.} 1-0

[Event "RUS-ch"]
[Site "Elista"]
[Date "1994.??.??"]
[Round "6"]
[White "Rublevsky, Sergei"]
[Black "Ionov, Sergey"]
[Result "1-0"]
[WhiteElo "2565"]
[BlackElo "2530"]
[Annotator "Belov,I"]
[PlyCount "55"]
[EventDate "1994.09.??"]
[EventType "swiss"]
[EventRounds "11"]
[EventCountry "RUS"]
[SourceTitle "CBM 044"]
[Source "ChessBase"]
[SourceDate "1995.02.01"]
[SourceVersion "1"]
[SourceVersionDate "1995.02.01"]
[SourceQuality "1"]

1. e4 c5 2. Nf3 Nc6 3. d4 cxd4 4. Nxd4 Nf6 5. Nc3 d6 6. Bc4 e6 7. Be3 a6 8. Bb3
Qc7 (8... Be7 9. f4 O-O 10. Qf3 Qa5 11. O-O-O Nxd4 12. Rxd4 $5 Bd7 13. g4 $1 e5
14. Nd5 $1 $16 {Yakovich,Y-Balashov,Y/St-Peterburg(zt)/1993/1:0/21/}) 9. f4 Be7
10. Qf3 Nxd4 (10... Na5 11. g4 $1 h6 12. O-O-O b5 13. g5 Nxb3+ 14. axb3 hxg5
15. fxg5 Nd7 16. g6 $1 Ne5 17. gxf7+ Kf8 18. Qg2 Bf6 19. Nce2 $16 {Istratescu,
A-Nevednichy,V/Bukharest/1994/1:0/37/}) (10... O-O 11. O-O-O b5 12. e5 $5 Nxd4
13. Qxa8 dxe5 14. fxe5 Nxb3+ 15. axb3 Bb7 $13 {Yakovich,Y-Ionov,S/St-Peterburg/
1993/}) 11. Bxd4 O-O (11... b5 $5) 12. O-O-O b5 13. Bxf6 $1 $146 (13. a3 Bd7
14. Qd3 Bc6 15. f5 e5 16. Be3 Rfc8 $13 {Schandorff,L-Kupreichik,V/Kobenhavn/
1993/0:1/29/}) (13. e5 dxe5 14. fxe5 Nd7 15. Qxa8 Bb7 16. Qa7 Ra8 17. Qxa8+
Bxa8 $13) 13... gxf6 (13... Bxf6 14. e5 Bb7 (14... dxe5 15. Qxa8 Bb7 16. Qa7
Ra8 17. Qf2 $18) 15. Bd5 $1 exd5 16. exf6 g6 (16... d4 17. Qg3 g6 18. Rxd4) 17.
Nxd5 $16) 14. Rd3 Kh8 $8 (14... Bb7 15. Qh5 {/\ Rh3+-}) 15. Qh5 Rg8 16. Qxf7
Rg7 17. Qe8+ Rg8 18. Qh5 b4 19. Ne2 a5 (19... Bd7 20. Nd4 Qc8 21. f5 e5 22. Ne6
{/\ Qh7!+-}) 20. Nd4 d5 21. exd5 a4 22. Bc4 $1 $18 b3 (22... Qxc4 23. Rh3 Rg7 (
23... Kg7 24. Rg3+ Kh8 25. Qf7 Rxg3 26. hxg3 $18) 24. Qe8+ Rg8 25. Qxe7 $18)
23. Rh3 Bc5 24. Bd3 f5 25. Nb5 Qxf4+ $6 (25... Qb7) 26. Kb1 Rg7 27. Qe8+ Rg8
28. Qc6 1-0

[Event "Dubai op 13th"]
[Site "Dubai"]
[Date "2011.04.18"]
[Round "9"]
[White "Fedorov, Alexei"]
[Black "Berg, Emanuel"]
[Result "1/2-1/2"]
[WhiteElo "2596"]
[BlackElo "2612"]
[Annotator "Berg,E"]
[PlyCount "126"]
[EventDate "2011.04.10"]
[EventType "swiss"]
[EventRounds "9"]
[EventCountry "UAE"]
[SourceTitle "CBM 141 Extra"]
[Source "ChessBase"]
[SourceDate "2011.05.03"]
[SourceVersion "1"]
[SourceVersionDate "2011.05.03"]
[SourceQuality "1"]

1. e4 c5 2. Nf3 d6 3. d4 cxd4 4. Nxd4 Nf6 5. Nc3 a6 6. Bc4 e6 7. a3 {My
opponent had already played this position in an earlier game in the tournament.
Unfortunately I hadn't paid enough attention to this, although playing through
the game quickly during my preparation. White's idea is both to stop Black
playing ...b5-b4 and to get back with the bishop to a2 in one move.} Be7 8. Ba2
O-O 9. O-O Nc6 ({Here} 9... b5 {is the most frequent move, but the move played
also looks very reasonable. During the game I was not sure if it would be good
to allow White to sacrifice on e6 and thus decided to first exchange off the N
on d4 before developing my B to b7.}) 10. Be3 Nxd4 11. Bxd4 b5 12. Qe2 Bb7 13.
Rad1 Qc7 14. f3 {this move surprised me. White decides to build up his
position slowly before going into action.} (14. f4 {preparing e5 looks like a
standard move to me, but it also opens up for Black's B on b7.} {Black might
conitinue with} Rac8 {putting presure along the c-file and slowly improving
his position. At some point the break ...e5 might become an option.}) (14. Rd3
$5 {is an interesting move tried by Jobava. This move has multiple purposes.
One is to double the rooks on the d-file and the other one to use the rook
along the third rank in order to get an attack against the black king. The
game continued} e5 {This move is a commitment for Black as it seriously
weakens the square d5. Generally this should be avoided unless Black gets good
counterplay in return.} (14... Rad8 {or}) (14... Rac8 {look like better ways
to continue.}) 15. Be3 h6 (15... Nxe4 $2 {looses material to} 16. Nd5 {when
Black is forced to give up an exchange.} Qd7 (16... Qd8 $4 17. Bb6 $18 {
[%csl Re4]}) (16... Bxd5 17. Bxd5 $14 {[%csl Ra8,Re4][%cal Yd5e4,Yd5a8]}) 17.
Nb6 $14) 16. f4 $6 {After this move Black will always be able to get
counterplay against the e4 pawn.} (16. f3 {seems like a better approach here.
White does not need to be in any hurry and can rather slowly build up his
position using his long term advantage of the weak d5 square.}) 16... Rac8 17.
f5 a5 18. Rf2 {Here Black played the slightly inaccurate} b4 $6 {when the
games was still interesting, but the stronger players later on managed to win.
1-0 Jobava,B (2687)-Hajiyev,S (2066)/Tbilisi 2009/CBM 130 Extra (40)} ({Instead
} 18... Bxe4 $1 {would have given Black a nice advantage.})) 14... Bc6 $146 {
Black's idea with this move is to prepare Qb7 followed by ....a5-b4. However
as the game will show this idea is not very successful for Black, so perhaps
it would have been better to continue with normal development} (14... Rac8 15.
Rd2 Bc6 ({Here} 15... Nd7 {might be an improvement preparing for ...Bf6.}) 16.
Nd1 a5 17. Qf2 Qb8 18. c3 e5 19. Be3 Qb7 20. Qg3 Nh5 21. Qf2 Nf6 22. Qg3 Nh5
23. Qf2 Nf6 {1/2-1/2 Alexander,C-Unzicker,W/Munich 1958/MCD}) ({Also the
immediate} 14... Nd7 {is possible with the simple plan of exchanging bishops
on f6.} 15. f4 Bf6) 15. Kh1 Qb7 16. Qf2 a5 17. b4 $1 {With this move White
stops Black's counterplay on the queenside and it's hard for Black to exploit
this slightly weakening move.} Rfc8 {A forcing move. Now the white N on c3 and
B on a2 start looking a bit loose, so White needs to be careful.} 18. Bb3 Bd7 {
Preparing ...e5 followed by ...Be6.} 19. Rd3 axb4 20. axb4 e5 21. Be3 Be6 22.
Bg5 $1 {A good strategic move. White is about to exchange off the black N on
f6 in order to achieve a nice outpost for his own N on d5.} Bxb3 23. cxb3 Ne8
$6 ({During the game I didn't like} 23... Rc6 24. Bxf6 Bxf6 25. Nd5 {because
of the very strong N on d5 for White, but objectively I think Black should be
doing fine after} Bg5 {as he controls the open c- and a-files and can create
counterplay along the first and second ranks.}) 24. Bxe7 Qxe7 25. Nxb5 Qb7 (
25... Rab8 26. Nc3 Nc7 27. Rc1 $14) 26. Nxd6 Nxd6 27. Rxd6 Qxb4 28. Rd3 {
White is a clear pawn up, but Black's activity gives him reasonable drawing
chances.} Rc3 29. Rxc3 (29. Qd2 Rxb3 30. Rd8+ Rxd8 31. Qxd8+ Qf8 $11) (29. Qe3
$5) 29... Qxc3 30. Rb1 h5 $2 (30... Qb4 {was better in order to stop White
from advancing his b-pawn.}) 31. b4 Rd8 32. Qc5 {Forcing the exchange of
queens, but by reducing the material the draw also comes a bit closer for
Black.} (32. b5 Rd2 33. Qg1 Qc2 34. Rc1 Qb3 (34... Qb2 $4 35. b6 Kh7 {[%cal
Gd2g2]} (35... Rxg2 $4 36. Rc8+ Kh7 37. Qxg2 $18) 36. Rb1 Qc2 37. b7 Rxg2 38.
b8=Q $18)) (32. h4 $5 $14) 32... Qxc5 33. bxc5 Kf8 34. h4 Rc8 35. Rb5 Ke7 36.
Kh2 Kd7 37. Kh3 Kc6 38. Ra5 Rb8 39. g4 g6 $1 {It's important to keep the
kingside closed not to let the white king enter.} 40. Kg3 Rb7 41. gxh5 gxh5 42.
Ra6+ {White has to give up his c-pawn to make progress, but then with pawns
only on the kingside Black wil be able to hold the draw.} Kxc5 43. Rh6 Rb1 44.
Rxh5 (44. Rh7 $5) 44... Kd6 45. Rg5 Ke6 46. Kh2 Rb2+ 47. Kh3 Rb1 48. Kh2 Rb2+
49. Rg2 Rb3 50. Kg3 f5 $1 {Now exchanging another pair of pawns; the draw is
almost there.} 51. exf5+ Kxf5 52. Re2 Rb1 53. Re4 Rg1+ 54. Kf2 Rg8 55. Ra4 Rg7
56. Ra8 Rf7 57. Ke3 Rh7 58. Ra4 Rb7 59. Rg4 Rb2 $1 60. Rg8 Rh2 61. Rf8+ Ke6 62.
Rh8 Kf6 63. Rh5 Kg6 {White is unable to make any further progress and offered
a draw.} 1/2-1/2